[Event "COL-ch sf"]
[Site "Medellin"]
[Date "2014.??.??"]
[Round "4"]
[White "Agudelo, Antonio"]
[Black "Lopez Hernandez, Carlos Manuel"]
[Result "1/2-1/2"]
[WhiteElo "2198"]
[BlackElo "2321"]
[PlyCount "39"]
[EventDate "2014.04.15"]
[EventType "swiss"]
[EventRounds "11"]
[EventCountry "COL"]
[SourceTitle "CBM 160 Extra"]
[Source "ChessBase"]
[SourceDate "2014.07.01"]
[SourceVersion "1"]
[SourceVersionDate "2014.07.01"]
[SourceQuality "1"]

1. Nf3 c5 2. g3 Nc6 3. Bg2 g6 4. d4 cxd4 5. Nxd4 Bg7 6. Nxc6 bxc6 7. c4 Nf6 8. Nc3 0-0 9. 0-0 Rb8 10. Rb1 c5 11. Bg5 d6 12. Qd2 Bb7 13. Bxb7 Rxb7 14. Rfd1 Qd7 15. Bxf6 Bxf6 16. Ne4 Qe6 17. Qd5 Rb6 18. Qxe6 fxe6 19. Nxf6+ Rxf6 20. Rd3 1/2-1/2

[Event "COL-ch sf"]
[Site "Medellin"]
[Date "2014.??.??"]
[Round "8"]
[White "Agudelo, Antonio"]
[Black "Remicio Duque, John H"]
[Result "1-0"]
[WhiteElo "2198"]
[BlackElo "2111"]
[PlyCount "65"]
[EventDate "2014.04.15"]
[EventType "swiss"]
[EventRounds "11"]
[EventCountry "COL"]
[SourceTitle "CBM 160 Extra"]
[Source "ChessBase"]
[SourceDate "2014.07.01"]
[SourceVersion "1"]
[SourceVersionDate "2014.07.01"]
[SourceQuality "1"]

1. Nf3 c5 2. g3 Nc6 3. Bg2 g6 4. d3 Bg7 5. e4 d6 6. 0-0 Bg4 7. h3 Bxf3 8. Qxf3 Nf6 9. c3 0-0 10. Re1 Qc7 11. Qe2 Rab8 12. f4 Nd7 13. h4 b5 14. a3 a5 15. Be3 b4 16. axb4 axb4 17. Rc1 bxc3 18. bxc3 Na5 19. Nd2 Rb2 20. Qd1 Rfb8 21. d4 Nb3 22. Nxb3 R8xb3 23. e5 h5 24. Ra8+ Rb8 25. Rxb8+ Qxb8 26. Be4 Qb3 27. Qxb3 Rxb3 28. Bd5 Ra3 29. e6 Nf8 30. exf7+ Kh7 31. dxc5 e6 32. Bb7 dxc5 33. Bxc5 1-0

[Event "Medellin Navideno op"]
[Site "Medellin"]
[Date "2013.12.19"]
[Round "2"]
[White "Menassa, Elias"]
[Black "Agudelo, Antonio"]
[Result "0-1"]
[WhiteElo "2139"]
[BlackElo "2224"]
[PlyCount "70"]
[EventDate "2013.12.18"]
[EventType "swiss"]
[EventRounds "9"]
[EventCountry "COL"]
[SourceTitle "CBM 158 Extra"]
[Source "ChessBase"]
[SourceDate "2014.02.28"]
[SourceVersion "1"]
[SourceVersionDate "2014.02.28"]
[SourceQuality "1"]

1. e4 e6 2. d4 d5 3. Nc3 Bb4 4. e5 Qd7 5. Nge2 b6 6. a3 Bf8 7. Nf4 Ba6 8. Nd3 c5 9. Ne2 Nc6 10. c3 Nge7 11. Be3 Nf5 12. Ng3 cxd4 13. Nxf5 dxe3 14. Nxe3 Bxd3 15. Bxd3 Nxe5 16. Bc2 Bc5 17. Qe2 Bxe3 18. Qxe3 Nc4 19. Qg3 0-0 20. b3 Nd6 21. Rd1 Qc6 22. 0-0 Rfd8 23. Rd4 Rac8 24. Rc1 g6 25. Bd3 Qc5 26. Rb4 a5 27. Rh4 Qxa3 28. Qf4 Ne4 29. Bxe4 dxe4 30. Qh6 Qxb3 31. Qxh7+ Kf8 32. Qh6+ Ke8 33. Rxe4 Rd1+ 34. Re1 Rxe1+ 35. Rxe1 Qxc3 0-1

[Event "Bogota McGregor op 4th"]
[Site "Bogota"]
[Date "2013.12.05"]
[Round "2"]
[White "Agudelo, Antonio"]
[Black "Lopez Hernandez, Carlos Manuel"]
[Result "0-1"]
[WhiteElo "2224"]
[BlackElo "2324"]
[PlyCount "60"]
[EventDate "2013.12.04"]
[EventType "swiss"]
[EventRounds "9"]
[EventCountry "COL"]
[SourceTitle "CBM 157 Extra"]
[Source "ChessBase"]
[SourceDate "2013.12.19"]
[SourceVersion "1"]
[SourceVersionDate "2013.12.19"]
[SourceQuality "1"]

1. Nf3 Nf6 2. g3 b6 3. Bg2 Bb7 4. 0-0 e6 5. d3 d5 6. e4 dxe4 7. Ng5 h6 8. Nxe4 Nxe4 9. dxe4 Qxd1 10. Rxd1 Nd7 11. Nc3 0-0-0 12. h3 Bc5 13. Na4 Be7 14. Be3 b5 15. Nc3 a6 16. a3 Ne5 17. Ne2 Nc4 18. Bd4 Bf6 19. Bxf6 gxf6 20. Rxd8+ Rxd8 21. b3 Rd2 22. bxc4 Rxe2 23. cxb5 axb5 24. Bf1 Rxc2 25. Bxb5 Bxe4 26. Be8 Bg6 27. g4 Kd8 28. Bb5 Rb2 29. Rd1+ Kc8 30. a4 Rb1 0-1

[Event "Medellin Flores op 19th"]
[Site "Medellin"]
[Date "2013.08.04"]
[Round "3"]
[White "Agudelo, Antonio"]
[Black "Ruiz Sanchez, Orlen"]
[Result "1/2-1/2"]
[WhiteElo "2275"]
[BlackElo "2396"]
[PlyCount "65"]
[EventDate "2013.08.03"]
[EventType "swiss"]
[EventRounds "9"]
[EventCountry "COL"]
[SourceTitle "CBM 155 Extra"]
[Source "ChessBase"]
[SourceDate "2013.08.26"]
[SourceVersion "1"]
[SourceVersionDate "2013.08.26"]
[SourceQuality "1"]

1. Nf3 c5 2. g3 Nc6 3. Bg2 g6 4. 0-0 Bg7 5. c4 e6 6. Nc3 Nge7 7. e3 0-0 8. d4 cxd4 9. Nxd4 Nxd4 10. exd4 d5 11. cxd5 Nxd5 12. Nxd5 exd5 13. Qb3 Be6 14. Be3 Qd7 15. Rac1 Rfc8 16. Rfd1 h5 17. h4 Bf6 18. Re1 b6 19. Red1 Rc4 20. Bf1 Rac8 21. Bxc4 dxc4 22. Qc2 Bd5 23. Kh2 Qg4 24. f3 Bxf3 25. Rf1 Bg7 26. Qf2 Bd5 27. Qf4 Qd7 28. Bd2 f5 29. Rce1 Be4 30. Bc3 Kh7 31. Rxe4 fxe4 32. Qxe4 Re8 33. Qf3 1/2-1/2

[Event "COL-ch"]
[Site "Ibague"]
[Date "2013.07.05"]
[Round "7"]
[White "Agudelo, Antonio"]
[Black "Buitrago Grajales, Juan Carlos"]
[Result "1-0"]
[WhiteElo "2275"]
[BlackElo "2124"]
[PlyCount "71"]
[EventDate "2013.07.01"]
[EventType "swiss"]
[EventRounds "11"]
[EventCountry "COL"]
[SourceTitle "EXT 2014"]
[Source "ChessBase"]
[SourceDate "2013.11.20"]
[SourceVersion "1"]
[SourceVersionDate "2013.11.20"]
[SourceQuality "1"]

1. Nf3 Nf6 2. g3 g6 3. b3 Bg7 4. Bb2 0-0 5. Bg2 d6 6. d4 Nbd7 7. 0-0 Re8 8. c4 e5 9. dxe5 Ng4 10. Nc3 Ngxe5 11. Nd4 Nf8 12. h3 c6 13. Kh2 h5 14. f4 h4 15. g4 Bxg4 16. fxe5 Bxe5+ 17. Kh1 Nh7 18. hxg4 h3 19. Bf3 Qh4 20. e3 Ng5 21. Qe1 Bg3 22. Qe2 Re7 23. Nc2 Rae8 24. Nd1 f5 25. gxf5 gxf5 26. Bf6 Re6 27. Bxg5 Qxg5 28. Bh5 R8e7 29. Qf3 Re5 30. Rg1 Rg7 31. Nc3 Qh4 32. Raf1 f4 33. exf4 Rxh5 34. Ne4 Bxf4 35. Rxg7+ Kxg7 36. Qxf4 1-0

[Event "COL-ch"]
[Site "Ibague"]
[Date "2013.07.04"]
[Round "6"]
[White "Conti, Julian"]
[Black "Agudelo, Antonio"]
[Result "0-1"]
[WhiteElo "2034"]
[BlackElo "2275"]
[PlyCount "110"]
[EventDate "2013.07.01"]
[EventType "swiss"]
[EventRounds "11"]
[EventCountry "COL"]
[SourceTitle "EXT 2014"]
[Source "ChessBase"]
[SourceDate "2013.11.20"]
[SourceVersion "1"]
[SourceVersionDate "2013.11.20"]
[SourceQuality "1"]

1. e4 e6 2. d4 d5 3. Nd2 Nf6 4. e5 Nfd7 5. Bd3 c5 6. c3 b6 7. Qe2 Nc6 8. Ngf3 cxd4 9. cxd4 Nb4 10. 0-0 Nxd3 11. Qxd3 a5 12. Re1 Be7 13. Nf1 Ba6 14. Qd1 Rc8 15. Ng3 h5 16. Be3 Nf8 17. Rc1 Ng6 18. Qa4+ Qd7 19. Rxc8+ Bxc8 20. Qb3 b5 21. Rc1 h4 22. Qc2 hxg3 23. Qxc8+ Qxc8 24. Rxc8+ Kd7 25. Rxh8 gxf2+ 26. Kxf2 Nxh8 27. h4 f5 28. exf6 gxf6 29. h5 Ke8 30. g4 Kf7 31. Bf4 Kg7 32. Nh4 Nf7 33. Ng6 Bd8 34. Ke3 Bb6 35. Kd3 Nh6 36. Bxh6+ Kxh6 37. Nf4 f5 38. gxf5 exf5 39. Nxd5 Bd8 40. Nf4 Bc7 41. Ke3 Bd6 42. Kf3 Kg5 43. Ne6+ Kxh5 44. d5 Be5 45. b3 Kg6 46. Nc5 Kf7 47. Nb7 Bc7 48. Ke3 Ke7 49. Kd4 Kd7 50. Kc5 f4 51. d6 Bd8 52. Kd5 Bb6 53. Ke5 Kc6 54. Kxf4 Kxb7 55. Ke5 Kc6 0-1

[Event "COL-ch"]
[Site "Ibague"]
[Date "2013.07.03"]
[Round "5"]
[White "Agudelo, Antonio"]
[Black "Ordonez Gonzalez, Gabriel"]
[Result "1-0"]
[WhiteElo "2275"]
[BlackElo "1909"]
[PlyCount "51"]
[EventDate "2013.07.01"]
[EventType "swiss"]
[EventRounds "11"]
[EventCountry "COL"]
[SourceTitle "EXT 2014"]
[Source "ChessBase"]
[SourceDate "2013.11.20"]
[SourceVersion "1"]
[SourceVersionDate "2013.11.20"]
[SourceQuality "1"]

1. Nf3 d5 2. g3 Nf6 3. Bg2 e6 4. d3 Be7 5. 0-0 c5 6. Nbd2 0-0 7. e4 Nc6 8. e5 Nd7 9. Re1 Qc7 10. Qe2 Re8 11. Nf1 b6 12. Bf4 Nf8 13. h4 Ng6 14. Bd2 Bf8 15. c3 Ba6 16. h5 Nge7 17. N1h2 Rad8 18. Bf4 Rd7 19. Ng4 Kh8 20. h6 Ng6 21. Bg5 Na5 22. hxg7+ Bxg7 23. Nf6 Rc8 24. Nh4 d4 25. Qh5 Nf8 26. Be4 1-0

[Event "COL-ch"]
[Site "Ibague"]
[Date "2013.07.03"]
[Round "4"]
[White "Florez, Carlos Julio"]
[Black "Agudelo, Antonio"]
[Result "1-0"]
[WhiteElo "2130"]
[BlackElo "2275"]
[PlyCount "53"]
[EventDate "2013.07.01"]
[EventType "swiss"]
[EventRounds "11"]
[EventCountry "COL"]
[SourceTitle "EXT 2014"]
[Source "ChessBase"]
[SourceDate "2013.11.20"]
[SourceVersion "1"]
[SourceVersionDate "2013.11.20"]
[SourceQuality "1"]

1. e4 e6 2. d3 d5 3. Nd2 c5 4. g3 Nc6 5. Ngf3 Nf6 6. Bg2 Be7 7. 0-0 Qc7 8. Re1 0-0 9. e5 Nd7 10. Qe2 b5 11. Nf1 b4 12. h4 a5 13. Bf4 a4 14. a3 Ba6 15. Ne3 Nb6 16. Ng5 Bxg5 17. hxg5 c4 18. Qh5 Rfc8 19. Ng4 Nd4 20. Nf6+ Kf8 21. Qxh7 Ke7 22. g4 cxd3 23. cxd3 Qc2 24. g6 Bxd3 25. Qxg7 Bxg6 26. Bg5 Rh8 27. Nxd5+ 1-0

[Event "Dosquebrad op"]
[Site "Dosquebrad"]
[Date "2013.06.20"]
[Round "2"]
[White "Garces Trujillo, Luis Javier"]
[Black "Agudelo, Antonio"]
[Result "1/2-1/2"]
[WhiteElo "2002"]
[BlackElo "2272"]
[PlyCount "34"]
[EventDate "2013.06.19"]
[EventType "swiss"]
[EventRounds "7"]
[EventCountry "COL"]
[SourceTitle "CBM 155 Extra"]
[Source "ChessBase"]
[SourceDate "2013.08.26"]
[SourceVersion "1"]
[SourceVersionDate "2013.08.26"]
[SourceQuality "1"]

1. d4 Nf6 2. c4 c5 3. Nf3 g6 4. g3 Ne4 5. Bg2 Qa5+ 6. Nbd2 Bg7 7. 0-0 Nxd2 8. Bxd2 Qa6 9. Bc3 Qxc4 10. Ne5 Bxe5 11. dxe5 0-0 12. Qd2 Nc6 13. b3 Qg4 14. e3 Rb8 15. f4 b6 16. Bf3 Qh3 17. Bg2 Qg4 1/2-1/2

[Event "Medellin"]
[Site "Medellin"]
[Date "2000.10.09"]
[Round "14"]
[White "Echavarria, Johann"]
[Black "Agudelo, Antonio"]
[Result "1-0"]
[WhiteElo "2328"]
[BlackElo "2355"]
[PlyCount "74"]
[EventDate "2000.09.26"]
[EventType "tourn"]
[EventRounds "14"]
[EventCountry "COL"]
[EventCategory "6"]
[SourceTitle "CBM 078 Extra"]
[Source "ChessBase"]
[SourceDate "2000.11.10"]
[SourceVersion "1"]
[SourceVersionDate "2000.11.10"]
[SourceQuality "1"]

1. e4 e6 2. d4 d5 3. Nc3 Bb4 4. e5 Qd7 5. a3 Bf8 6. Nf3 b6 7. Bb5 c6 8. Ba4 a5 9. Ne2 Ba6 10. c3 Bb5 11. Bc2 c5 12. Be3 a4 13. 0-0 Nc6 14. Nd2 Na5 15. f4 g6 16. g4 Bxe2 17. Qxe2 c4 18. f5 gxf5 19. gxf5 0-0-0 20. f6 Bh6 21. Kh1 Bxe3 22. Qxe3 h5 23. Nf3 Nh6 24. Ng5 Nb3 25. Rad1 Rdg8 26. Qf4 Kb7 27. h3 b5 28. Rg1 Na5 29. Nh7 Nf5 30. Bxf5 exf5 31. Rg7 Nc6 32. Rdg1 Re8 33. Rf1 Nd8 34. Qxf5 Qxf5 35. Rxf5 Kc6 36. Ng5 Ref8 37. h4 Kd7 1-0

[Event "Medellin"]
[Site "Medellin"]
[Date "2000.10.01"]
[Round "6"]
[White "Ostos, Julio Eduardo"]
[Black "Agudelo, Antonio"]
[Result "1-0"]
[WhiteElo "2344"]
[BlackElo "2355"]
[PlyCount "105"]
[EventDate "2000.09.26"]
[EventType "tourn"]
[EventRounds "14"]
[EventCountry "COL"]
[EventCategory "6"]
[SourceTitle "CBM 078 Extra"]
[Source "ChessBase"]
[SourceDate "2000.11.10"]
[SourceVersion "1"]
[SourceVersionDate "2000.11.10"]
[SourceQuality "1"]

1. e4 e6 2. d4 d5 3. Nd2 Nf6 4. e5 Nfd7 5. Bd3 c5 6. c3 Nc6 7. Ne2 cxd4 8. cxd4 f6 9. exf6 Nxf6 10. Nf3 Bd6 11. 0-0 Qc7 12. Bg5 0-0 13. Bh4 Ne4 14. Ng3 Nxg3 15. Bxg3 Bxg3 16. fxg3 g6 17. Bb5 Bd7 18. Bxc6 Bxc6 19. Qd2 Rf5 20. Rfe1 Qd6 21. g4 Rf6 22. Re5 Raf8 23. Rae1 Bd7 24. h3 Qa6 25. a3 Qb6 26. R1e3 a5 27. Kh2 Qb5 28. Rc3 Qb6 29. Rc5 a4 30. Qb4 Qxb4 31. axb4 Rc8 32. Rxc8+ Bxc8 33. Re3 Bd7 34. Rc3 Bb5 35. Rc8+ Rf8 36. Rc5 Bd3 37. Kg3 Be4 38. Ng5 Ra8 39. Rc3 h6 40. Nxe6 g5 41. Nc5 b5 42. Nxe4 dxe4 43. Kf2 Kf7 44. Ke3 Ke6 45. Kxe4 Kd6 46. Rc5 Rf8 47. Rxb5 Rf7 48. Ra5 Rf2 49. Rxa4 Rxb2 50. Ra6+ Ke7 51. Rxh6 Rxb4 52. Ke5 Kf7 53. Rf6+ 1-0

[Event "Medellin"]
[Site "Medellin"]
[Date "2000.09.28"]
[Round "3"]
[White "Agudelo, Antonio"]
[Black "Pazos Gambarrotti, Plinio Efrain"]
[Result "1/2-1/2"]
[WhiteElo "2355"]
[BlackElo "2363"]
[PlyCount "109"]
[EventDate "2000.09.26"]
[EventType "tourn"]
[EventRounds "14"]
[EventCountry "COL"]
[EventCategory "6"]
[SourceTitle "CBM 078 Extra"]
[Source "ChessBase"]
[SourceDate "2000.11.10"]
[SourceVersion "1"]
[SourceVersionDate "2000.11.10"]
[SourceQuality "1"]

1. Nf3 d5 2. g3 c5 3. c4 d4 4. Ne5 f6 5. Qa4+ Nd7 6. Nd3 e5 7. b4 b5 8. Qxb5 Rb8 9. Qa4 Bb7 10. Rg1 cxb4 11. a3 a5 12. Bh3 Qc7 13. axb4 axb4 14. Nxb4 Bxb4 15. Bxd7+ Qxd7 16. Qxb4 Ne7 17. Na3 0-0 18. Nb5 Bc6 19. Ba3 Nf5 20. g4 Nh4 21. Qd6 Bxb5 22. cxb5 Qxb5 23. f3 d3 24. Kf2 Qc4 25. Qxd3 Qxd3 26. exd3 Rfd8 27. Bc5 Rxd3 28. Be3 Rbd8 29. Kg3 Ng6 30. h4 Ne7 31. Ra7 R8d7 32. Ra5 h5 33. gxh5 Kf7 34. Kf2 Nf5 35. Rg4 Rb3 36. Ra2 Rb8 37. f4 Rb4 38. Kf3 exf4 39. Rxf4 Rb5 40. Rfa4 Nxe3 41. Ra7 Rxa7 42. Rxa7+ Kg8 43. dxe3 Rxh5 44. Kg4 Rb5 45. e4 Kh7 46. Kf4 Rb1 47. Re7 Ra1 48. Kg4 Kg6 49. Re8 Re1 50. Kf4 Rf1+ 51. Kg4 Kf7 52. Ra8 Ke6 53. Ra5 g6 54. Rb5 Rc1 55. Kf4 1/2-1/2

[Event "Olympiad-28"]
[Site "Thessaloniki"]
[Date "1988.11.29"]
[Round "14"]
[White "Braga, Cicero Nogueira"]
[Black "Agudelo, Antonio"]
[Result "1-0"]
[WhiteElo "2340"]
[BlackElo "2305"]
[PlyCount "65"]
[EventDate "1988.11.13"]
[EventType "team-swiss"]
[EventRounds "14"]
[EventCountry "GRE"]
[SourceTitle "TD"]
[Source "ChessBase"]
[SourceDate "1994.03.01"]
[SourceVersion "1"]
[SourceVersionDate "1994.03.01"]
[SourceQuality "1"]
[WhiteTeam "Brazil"]
[BlackTeam "Columbia"]
[WhiteTeamCountry "BRA"]
[BlackTeamCountry "COL"]

1. g3 g6 2. Bg2 Bg7 3. Nf3 c5 4. 0-0 Nc6 5. d3 e6 6. e4 Nge7 7. c3 d5 8. Nbd2 0-0 9. Re1 b6 10. e5 Qc7 11. Qe2 a5 12. Nf1 Ba6 13. h4 h6 14. N1h2 d4 15. c4 b5 16. b3 a4 17. Ng4 Kh7 18. Bf4 Ng8 19. Nd2 axb3 20. axb3 bxc4 21. bxc4 Bb7 22. Ne4 Rxa1 23. Rxa1 Ra8 24. Rxa8 Bxa8 25. Nxc5 h5 26. Nf6+ Bxf6 27. exf6 e5 28. Ne4 Kh8 29. Ng5 Nh6 30. Ne6 fxe6 31. Bxh6 Kg8 32. Qa2 Bb7 33. Qa3 1-0

[Event "COL-ch"]
[Site "Columbia"]
[Date "1988.??.??"]
[Round "5"]
[White "Agudelo, Antonio"]
[Black "Baquero, Luis A"]
[Result "1-0"]
[WhiteElo "2305"]
[BlackElo "2290"]
[PlyCount "185"]
[EventDate "1988.??.??"]
[EventType "tourn"]
[EventRounds "15"]
[EventCountry "COL"]
[EventCategory "3"]
[SourceTitle "TD"]
[Source "ChessBase"]
[SourceDate "1994.03.01"]
[SourceVersion "1"]
[SourceVersionDate "1994.03.01"]
[SourceQuality "1"]

1. Nf3 d5 2. g3 c5 3. Bg2 Nc6 4. 0-0 Nf6 5. d3 Bg4 6. h3 Bh5 7. Nbd2 e6 8. Re1 Be7 9. g4 Bg6 10. Nh4 Qc7 11. Nxg6 hxg6 12. c3 0-0-0 13. Qa4 g5 14. Nf3 Nh7 15. e4 f6 16. Be3 Nf8 17. exd5 exd5 18. b4 Nd7 19. Rab1 Nb6 20. Qb3 c4 21. Bxb6 cxb3 22. Bxc7 bxa2 23. Ra1 Kxc7 24. Rxa2 Bd6 25. d4 a6 26. Rae2 Rd7 27. Kf1 Bf4 28. Ng1 Bh2 29. Nf3 Bf4 30. Rd1 Rhd8 31. Ne1 Re7 32. Nd3 Rxe2 33. Kxe2 Bd6 34. Bxd5 Na7 35. Bc4 Rh8 36. Rh1 b5 37. Bd5 Kb6 38. Kf3 a5 39. bxa5+ Kxa5 40. Be6 Kb6 41. d5 Nc8 42. Ke4 Ne7 43. Rb1 Rxh3 44. c4 b4 45. Nxb4 Kc5 46. Na6+ Kxc4 47. Rb6 f5+ 48. Bxf5 Bc5 49. Nxc5 Kxc5 50. Re6 Rh1 51. Ke5 Nxd5 52. Be4 Re1 53. f3 Nf4 54. Rc6+ Kb5 55. Rc2 Rg1 56. Kf5 Nh3 57. Kg6 Rg3 58. Kxg7 Kb4 59. Kf6 Kb3 60. Rc1 Rg2 61. Kf5 Kb4 62. Rh1 Nf2 63. Rh5 Kc5 64. Rxg5 Kd4 65. Bb7 Nd3 66. Rg8 Rb2 67. Bc6 Rb6 68. Rd8+ Ke3 69. Re8+ Kf2 70. Be4 Rb5+ 71. Kf6 Nf4 72. Re5 Rb6+ 73. Kf7 Ra6 74. Rb5 Rd6 75. Rf5 Kg3 76. Rf6 Rd7+ 77. Ke8 Rg7 78. Kf8 Rg5 79. Kf7 Rc5 80. Rf5 Rc7+ 81. Kf6 Rc8 82. Kg7 Ne6+ 83. Kh7 Kh4 84. Rh5+ Kg3 85. Re5 Re8 86. Rxe6 Rxe6 87. g5 Re7+ 88. Kh6 Kf4 89. g6 Re6 90. Kh7 Kg5 91. g7 Rh6+ 92. Kg8 Rf6 93. Kh8 1-0